00269nam a2200109Ia 4500008004100000082001600041100001700057245002200074260004700096300000800143650000800151191201s2012 xx 000 0 und d a658.87bSHR aSHEIKH, Arif 0aRetail Management aN. DelhibHimalaya Publication Housec2012 a484 aBBA